000 00693nam a22002531 4500
001 16888
003 BD-RjUL
005 20211209000049.0
008 140215s1963 njua 001 0 eng
035 _a(BD-RjUL)16943
040 _aDLC
_cDLC
_dDLC
_dBD-RjUL
_beng
041 _aeng
082 0 0 _a796.42
_bDOM 1963
100 1 _aDoherty, Ken,
_d1905-
_952135
245 1 0 _aModern track and field /
_cKen Doherty
250 _a2d ed.
260 _aEnglewood Cliffs, N.J. :
_bPrentice-Hall,
_cc1963.
300 _axiv, 557 p. :
_bill. ;
_c24 cm.
504 _aIncludes index.
650 0 _aTrack and field.
_952136
942 _2ddc
_cBK
999 _c16888
_d16888